Statistiques concernant One piece par image #4

Cliquez ici pour prendre le quiz!

Statistiques générales

  • Ce quiz a été pris 126 fois
  • Le résultat moyen est 19 sur 20

Statistiques - réponses

Réponse% Correct
barbe blanche
100%
garp
100%
gold roger
100%
barbe noire
99%
franky
99%
bartholomew kuma
98%
robin
98%
gecko moria
97%
usopp
97%
smoker
96%
boa hancock
95%
mihawk
95%
cesar clown
93%
sengoku
93%
killer
92%
kinemon
88%
x-drake
87%
jewelry bonney
86%
capone bege
85%
scratchmen apoo
85%

Distribution des résultats

Percentile par nombre de réponses

% des personnes avec chaque résultat

Votre développement - résultats

Vous n’avez pas pris ce quiz